Statistics for Organisation Of American States Countries

Click here to take the quiz!

General Stats

  • This quiz has been taken 28 times
  • The average score is 31 of 35

Answer Stats

#Answer% Correct
1948Mexico
100%
1948United States
100%
1990Canada
96%
1948Argentina
92%
1948Brazil
92%
1948Costa Rica
92%
1948Cuba
92%
1979Dominica
92%
1948Dominican Republic
92%
1948Ecuador
92%
1948Guatemala
92%
1991Guyana
92%
1948Honduras
92%
1948Nicaragua
92%
1948Panama
92%
1948Paraguay
92%
1948Venezuela
92%
1967Barbados
88%
1948Bolivia
88%
1948Chile
88%
1948Colombia
88%
1948Haiti
88%
1969Jamaica
88%
1984Saint Kitts and Nevis
88%
1977Suriname
88%
1948Uruguay
88%
1981Antigua and Barbuda
84%
1982Bahamas
84%
1991Belize
84%
1948El Salvador
84%
1948Peru
84%
1979Saint Lucia
84%
1981Saint Vincent and the Grenadines
84%
1967Trinidad and Tobago
84%
1975Grenada
76%

Score Distribution

Percentile by Number Answered

Percent of People with Each Score

Your Score History

You have not taken this quiz